000 02182 a2200385 4500
001 18049
005 20260407155459.0
008 260407a2006 arg spa d
003 AR-UNSa-BCEJYS
040 _aAR-UNSa-BCEJYS
_bspa
_cAR-UNSa-BCEJYS
080 _a342
_xDerecho constitucional (Derecho Público)
245 1 0 _aIdeas para la formulación de un nuevo contrato social
_pproyecto Mariano Moreno
020 _a987-03-0791-4
264 1 _aBuenos Aires :
_bLa Ley
_c2006
300 _axxii, 490 p.
_c24 cm.
505 _a1. Una propuesta para la protección de las personas que trabajan en las fronteras del derecho del trabajo - 2. La integración regional, una vía relevante para la construcción del contrato social en nuestro tiempo - 3. Reforma del estado, moneda, deuda, inclusión social y desarrollo económico - 4. Algunas ideas y aportes para una reforma progresiva del sistema tributario argentino - 5. Reforma política y electoral - 6. Estado, globalización y desarrollo - 7. Hacia un nuevo contrato social desde la perspectiva del desarrollo social - 8. Estado de derecho y política criminal - 9. El sistema judicial argentino y su reforma - 10. Las instituciones políticas en Argentina - 11. Las políticas de transparencia en la reconstrucción del contrato social - 12. Aportes para un orden económico ajustado a la constitución nacional - 13. La constitución y el contrato social
942 _cBK
590 _aniveau_biblio:m niveau_hierar:0
100 1 _aAlterini, Atilio Aníbal
700 1 _aMonner Sans, Alejo
700 1 _aAckerman, Mario E.
700 1 _aCiuro Caldani, Miguel Angel
700 1 _aConesa, Eduardo R.
700 1 _aDalla Via, Alberto Ricardo
700 1 _aFerrer, Aldo
700 1 _aFridman, Viviana I.
700 1 _aPietro Paolo, Leonardo Di
700 1 _aLarrandart, Lucia E.
700 1 _aLynch, Horacio M.
700 1 _aMayer, Jorge
700 1 _aRaigorodsky, Nicolás
700 1 _aSandler, Héctor Raúl
700 1 _aSola, Juan Vicente
856 4 1 _uhttps://biblioeco.unsa.edu.ar/pmb/images/libros/Ideas para la formulacion de un nuevo contrato social2-l117910.jpg
_yImagen de portada
_qimage/jpeg
999 _c726
_d726